01249nac a22003017a 4500001001000000003000900010005001700019008003400036040005400070072000800124090001900132100001400151110010200165245019500267260003600462300000900498490012100507650000900628650001000637650001700647650001400664650001900678650002100697909004700718942001700765999001900782952014600801BR7604348BR-BrBNA20240105114006.0230509b bl.|||m| |||| 00| 0 por d aBR-BrBNAbporcBiblioteca Nacional de Agricultura aH60 a0336 BR76043481 aRamos, M.1 aEmpresa Brasileira de Pesquisa Agropecuaria, Curitiba, PR. Representacao Estadual no Parana938851 aEfeito de doses e epocas de aplicacao do produto HOE 23408 no controle do papua (Brachiaria plantaginea), em tratamento de pos-emergencia, na cultura da soja [erva daninha, controle quimico]3 aCuritiba, PR (Brasil): c1976.  a3 p. aComunicado Tecnico - Empresa Brasileira de Pesquisa Agropecuaria. Representacao Estadual no Parana (Brazil)vno. 3x aSOJA aPAPUA aERVA DANINHA aHERBICIDA aPOS-EMERGENCIA aCONTROLE QUIMICO a202312bLúcia Elandec55dLúcia Elande 2AGRISn0cMS c266766d266766 002AGRIS40708Acervo Gerala41918b41918cAGROBASEl0o0336 BR7604348p0336 BR7604348r2023-12-18yMSePortaria Interministerial nº 164/94